Direito administrativo e alternative dispute resolution : (Record no. 885)

MARC details
000 -LÍDER
Campo Fixo de Controle 01086nam a2200277 a 4500
001 - NÚMERO DE CONTROLE
Campo de Controle 885
003 - IDENTIFICAÇÃO DO NÚMERO DE CONTROLE
Campo de Controle BR-CuiBMT
005 - DATA E HORA DA ÚLTIMA ATUALIZAÇÃO
Campo de Controle 20231128203749.0
008 - DADOS FIXOS
Dados Fixos 231122s2022 mgb 000 0 por d
020 ## - INTERNATIONAL STANDARD BOOK NUMBER
Nº do ISBN 9786555184044
040 ## - AGÊNCIA CATALOGADORA
Código da Agência Catalogadora BR-CuiBMT
Agência que transcreveu o registro BR-CuiBMT
080 ## - Nº DA CLASSIFICAÇÃO DECIMAL UNIVERSAL
Nº edição CDU 2007
Nº Class. CDU 342.9
090 ## - NÚMERO DE CHAMADA
Nº classificação 342.9
Cutter D598
Ano/Edição 2. ed.
245 00 - TÍTULO PRINCIPAL
Título principal Direito administrativo e alternative dispute resolution :
Subtítulo arbitragem, dispute board, mediação e negociação /
Indicação de responsabilidade Leila Cuéllar ... [et. al.].
250 ## - EDIÇÃO
Edição 2. ed., rev., ampl. e atual.
260 ## - PUBLICAÇÃO, DISTRIBUIÇÃO, ETC.
Local de publicação Belo Horizonte :
Editora Fórum,
Data 2022.
300 ## - DESCRIÇÃO FÍSICA
N. páginas ou volumes 506 p. ;
Dimensões 22 cm
500 ## - NOTAS GERAIS
Notas gerais Com comentários à legislação do Rio de Janeiro, São Paulo, Rio Grande do Sul e união sobre arbitragem e mediação em contratos administrativos e desapropriações.
504 ## - NOTA DE BIBLIOGRAFIA, ETC.
Nota de bibliografia Inclui bibliografia.
650 ## - ASSUNTO TÓPICO
Cabeçalho tópico ou nome geográfico Arbitragem (Direito administrativo)
650 ## - ASSUNTO TÓPICO
Cabeçalho tópico ou nome geográfico Direito administrativo
Subdivisão geográfica Brasil
650 ## - ASSUNTO TÓPICO
Cabeçalho tópico ou nome geográfico Direito econômico
Subdivisão geográfica Brasil
650 ## - ASSUNTO TÓPICO
Cabeçalho tópico ou nome geográfico Administração pública
Subdivisão geral Arbitragem comercial
700 1# - ENTRADA SECUNDÁRIA -- NOME PESSOAL
Nome pessoal Cuéllar, Leila
Cód. do termo explicativo et al.
942 ## - ELEMENTOS DE ENTRADA ADICIONAIS (KOHA)
Fonte de classificação ou esquema de arquivamento Classificação Decimal Universal
Tipo de item do Koha Livros
Holdings
Estado: removido Estado: perdido Fonte de classificação ou esquema de arquivamento Estado: danificado Indisponível para empréstimo Localização permanente Localização atual Data de aquisição Total Checkouts Número de Chamada completo Código de barras Date last seen Número do exemplar Preço efetivo a partir de Tipo de item (Koha)
    Classificação Decimal Universal     Biblioteca da Escola Superior de Contas do TCE/MT Biblioteca da Escola Superior de Contas do TCE/MT 22/11/2023   342.9 D598 2. ed. BIBTCEMT23110866 22/11/2023 Ex. 1 22/11/2023 Livros
    Classificação Decimal Universal     Biblioteca da Escola Superior de Contas do TCE/MT Biblioteca da Escola Superior de Contas do TCE/MT 23/11/2023   342.9 D598 2. ed. BIBTCEMT23110925 23/11/2023 Ex. 2 23/11/2023 Livros
    Classificação Decimal Universal     Biblioteca da Escola Superior de Contas do TCE/MT Biblioteca da Escola Superior de Contas do TCE/MT 23/11/2023   342.9 D598 2. ed. BIBTCEMT23110926 23/11/2023 Ex. 3 23/11/2023 Livros
    Classificação Decimal Universal     Biblioteca da Escola Superior de Contas do TCE/MT Biblioteca da Escola Superior de Contas do TCE/MT 23/11/2023   342.9 D598 2. ed. BIBTCEMT23110927 23/11/2023 Ex. 4 23/11/2023 Livros

Powered by Koha